000 00788nam a2200229Ia 4500
003 OSt
005 20220923220823.0
006 a|||||r|||| 00| 0
007 ta
008 220922b |||||||| |||| 00| 0 hin d
024 _a190,929
037 _cTextual
040 _aARTS
_cARTS
_bhin
041 _2hin
_ahin
082 _aR65:6, 152J3
100 _aज्ञानेश्वर
245 0 _aहिन्दी ज्ञानेश्वरी
_b श्रीमद्भगवद्गीता की सर्वश्रेष्ठ टीका
246 _aHindī jnyāneshvarī: shrīmadbhagavadgītā kī sarvashreṣhṭha ṭīkā
260 _c1953
942 _hR65:6, 152J3
_cTEXL
_2CC
999 _c343650
_d343650